书目信息 |
| 题名: |
孔子
|
|
| 作者: | 周群 著 | |
| 分册: | ||
| 出版信息: | 南京 南京大学出版社 2008.10 |
|
| 页数: | 118页 | |
| 开本: | 20cm | |
| 丛书名: | 《中国思想家评传》简明读本 | |
| 单 册: | ||
| 中图分类: | B222.2 | |
| 科图分类: | ||
| 主题词: | ||
| 电子资源: | ||
| ISBN: | 978-7-305-05528-7 | |
| 000 | 00876nam 2200265 450 | |
| 001 | 012009417158 | |
| 005 | 20090622151940.73 | |
| 010 | @a978-7-305-05528-7@dCNY15.00 | |
| 100 | @a20090622d2008 em y0chiy0120 ea | |
| 101 | 0 | @achi |
| 102 | @aCN@b320000 | |
| 105 | @ay a 000yd | |
| 106 | @ar | |
| 200 | 1 | @a孔子@Akong zi@f周群著@Fzhou qun zhu |
| 210 | @a南京@c南京大学出版社@d2008.10 | |
| 215 | @a118页@d20cm | |
| 225 | 0 | @a《中国思想家评传》简明读本@A《zhong guo si xiang jia ping chuan》jian ming du ben |
| 320 | @a有书目 (第118页) | |
| 330 | @a本书分为十一章,内容包括早年问学、兴教与入齐、从政经历、周游列国、晚年归鲁、孔子的宗教观等。 | |
| 410 | 0 | @12001 @a中国思想家评传简明读本 |
| 600 | 0 | @a孔丘,@Akong qiu@f前551-前479@x评传 |
| 690 | @aB222.2@v4 | |
| 701 | 0 | @a周群@Azhou qun@4著 |
| 801 | 0 | @aCN@bQSSK@c20090622 |
| 905 | @b745799-801@dB222.2@eZ785@f3 | |
| 孔子/周群著.-南京:南京大学出版社,2008.10 |
| 118页;20cm.-(《中国思想家评传》简明读本) |
| ISBN 978-7-305-05528-7:CNY15.00 |
| 本书分为十一章,内容包括早年问学、兴教与入齐、从政经历、周游列国、晚年归鲁、孔子的宗教观等。 |
| ● |
| 相关链接 |
|
|
|
正题名:孔子
索取号:B222.2/Z785
 
预约/预借
| 序号 | 登录号 | 条形码 | 馆藏地/架位号 | 状态 | 备注 |
| 1 | 745799 | 207457991 | 社科库509/509社科库 10排4列5层/ [索取号:B222.2/Z785] | 在馆 | |
| 2 | 745800 | 207458008 | 社科库509/509社科库 10排4列5层/ [索取号:B222.2/Z785] | 在馆 | |
| 3 | 745801 | 207458017 | 社科库509/509社科库 10排4列5层/ [索取号:B222.2/Z785] | 在馆 |